Gestión de programas sociales de América Latina análisis de casos: vol. II El Programa Nacional de Enfermedades Sexuales Transmisibles (DST) y Síndrome de Inmunodeficiencia Adquirida (SIDA) de Brasil /
Kaydedildi:
| Yazar: | |
|---|---|
| Diğer Yazarlar: | , , |
| Materyal Türü: | Metin |
| Etiketler: |
Etiketle
Etiket eklenmemiş, İlk siz ekleyin!
|
MARC
| LEADER | 00000 a a2200000 04500 | ||
|---|---|---|---|
| 001 | 48114 | ||
| 003 | |||
| 040 | |||
| 090 | |a REV1291 2(46) 2001 | ||
| 100 | |a Cohen, Ernesto | ||
| 245 | |a Gestión de programas sociales de América Latina análisis de casos: |b vol. II El Programa Nacional de Enfermedades Sexuales Transmisibles (DST) y Síndrome de Inmunodeficiencia Adquirida (SIDA) de Brasil / |c Ernesto Cohen, Rodrígo Martínez, Jorge Adriano Sotero, Maria Alice Tironi Lipperalli | ||
| 700 | |a Martínez, Rodrígo | ||
| 700 | |a Sotero, Jorge Adriano | ||
| 700 | |a Tironi Lipperalli, Maria Alice | ||
| 773 | |g volumen2, número46, (2001), 66 páginas | ||
| 999 | |c 25299 |d 25299 | ||
